Visualizzazione normale
Vista MARC
di Personal Name
Records bibliografici associati: 15
001 - CONTROL NUMBER
- control field: 16933
003 - CONTROL NUMBER IDENTIFIER
- control field: IT-RoPau
005 - DATE AND TIME OF LATEST TRANSACTION
- control field: 20140322110850.0
008 - FIXED-LENGTH DATA ELEMENTS
- fixed length control field: 140322|| aca||aabn | a|a d
040 ## - CATALOGING SOURCE
- Original cataloging agency: IT-RoPau
- Transcribing agency: IT-RoPau
100 ## - HEADING--PERSONAL NAME
- Personal name:
- Titles and other words associated with a name: sr
670 ## - SOURCE DATA FOUND
- Source citation: Work cat.: (IT-RoPau)29584: Ignazia Balla 16932, Vigilia Capitolare, 1971